Rebecca Ferguson Filmography - Statistics

General Stats
  • This quiz has been taken 21 times
    10 since last reset
  • The average score is 6 of 20
Answer Stats
Year Movie % Correct
2018 Mission Impossible: Fallout
90%
2015 Mission Impossible: Rogue Nation
90%
2021 Dune
80%
2017 The Greatest Showman
80%
2019 Doctor Sleep
50%
2024 Dune: Part Two
40%
2023 Mission Impossible: Dead Reckoning: Part One
30%
2014 Hercules
20%
2017 Life
20%
2019 Men in Black: International
20%
2021 Reminiscence
20%
2016 Florence Foster Jenkins
10%
2025 Mission Impossible 8
10%
2016 The Girl on the Train
10%
2017 The Snowman
10%
2020 Cold Night
0%
2016 Despite the Falling Snow
0%
2004 Drowning Ghost
0%
2019 The Kid Who Would Be King
0%
2013 The Vatican
0%
No matching quizzes found
Score Distribution
Percent of People with Each Score
Percentile by Number Answered
Your Score History
You have not taken this quiz since the last reset